| 000 | 00346nam a22001457a 4500 | ||
|---|---|---|---|
| 008 | 210526b ||||| |||| 00| 0 eng d | ||
| 020 | _a9780030255472 | ||
| 041 | _aeng | ||
| 080 |
_26th _a575 |
||
| 082 | _a575 | ||
| 100 | _a5 | ||
| 101 | _aBIO | ||
| 245 |
_aIntroduction to General, Organic & Biochemistry _cBettelheim,F.A |
||
| 942 |
_2udc _cBK |
||
| 999 |
_c57650 _d57650 |
||